<?xml version="1.0" encoding="UTF-8"?><?xml-stylesheet type="text/xsl" href="static/style.xsl"?><OAI-PMH xmlns="http://www.openarchives.org/OAI/2.0/" xmlns:xsi="http://www.w3.org/2001/XMLSchema-instance" xsi:schemaLocation="http://www.openarchives.org/OAI/2.0/ http://www.openarchives.org/OAI/2.0/OAI-PMH.xsd"><responseDate>2026-06-29T23:00:16Z</responseDate><request verb="GetRecord" identifier="oai:riubu.ubu.es:10259/4941" metadataPrefix="marc">https://riubu.ubu.es/oai/request</request><GetRecord><record><header><identifier>oai:riubu.ubu.es:10259/4941</identifier><datestamp>2022-12-20T08:39:51Z</datestamp><setSpec>com_10259_3844</setSpec><setSpec>com_10259_5086</setSpec><setSpec>com_10259_2604</setSpec><setSpec>col_10259_3845</setSpec></header><metadata><record xmlns="http://www.loc.gov/MARC21/slim" xmlns:doc="http://www.lyncode.com/xoai" xmlns:xsi="http://www.w3.org/2001/XMLSchema-instance" xmlns:dcterms="http://purl.org/dc/terms/" xsi:schemaLocation="http://www.loc.gov/MARC21/slim http://www.loc.gov/standards/marcxml/schema/MARC21slim.xsd">
<leader>00925njm 22002777a 4500</leader>
<datafield tag="042" ind1=" " ind2=" ">
<subfield code="a">dc</subfield>
</datafield>
<datafield tag="720" ind1=" " ind2=" ">
<subfield code="a">Izquierdo Bote, Daniel</subfield>
<subfield code="e">author</subfield>
</datafield>
<datafield tag="720" ind1=" " ind2=" ">
<subfield code="a">Ferraresi Curotto, V. .</subfield>
<subfield code="e">author</subfield>
</datafield>
<datafield tag="720" ind1=" " ind2=" ">
<subfield code="a">Heras Vidaurre, Aránzazu</subfield>
<subfield code="e">author</subfield>
</datafield>
<datafield tag="720" ind1=" " ind2=" ">
<subfield code="a">Pis Diez, Reinaldo</subfield>
<subfield code="e">author</subfield>
</datafield>
<datafield tag="720" ind1=" " ind2=" ">
<subfield code="a">González Baró, Ana C.</subfield>
<subfield code="e">author</subfield>
</datafield>
<datafield tag="720" ind1=" " ind2=" ">
<subfield code="a">Colina Santamaría, Álvaro</subfield>
<subfield code="e">author</subfield>
</datafield>
<datafield tag="260" ind1=" " ind2=" ">
<subfield code="c">2017-08</subfield>
</datafield>
<datafield tag="520" ind1=" " ind2=" ">
<subfield code="a">A new bidimensional spectroelectrochemistry setup for UV-Vis absorption measurements has been developed. The new device has been used to follow electrochemical reactions using two different arrangements: 1) a near-normal configuration that supplies information about the processes taking place both on the electrode surface and in the solution adjacent to it, and 2) a long-optical-pathway configuration based on a mobile slit that controls the position of a light beam passing parallel and adjacent to the electrode surface providing information only about the processes taking place in solution during the electrochemical reaction. The new setup has been validated using o-tolidine, a typical reference system for spectroelectrochemistry. The electrochemical mechanism of oxidation/reduction of Cu(o-Va)2(H2O)2 complex (o-Va = o-Vanillin = 2-hydroxy-3-methoxybenzaldehyde) has been studied using bidimensional UV-Vis absorption spectroelectrochemistry. This Cu(II) complex exhibits antimutagenic, anticarcinogenic and superoxide dismutase mimic properties.</subfield>
</datafield>
<datafield tag="024" ind2=" " ind1="8">
<subfield code="a">0013-4686</subfield>
</datafield>
<datafield tag="024" ind2=" " ind1="8">
<subfield code="a">http://hdl.handle.net/10259/4941</subfield>
</datafield>
<datafield tag="024" ind2=" " ind1="8">
<subfield code="a">10.1016/j.electacta.2017.05.105</subfield>
</datafield>
<datafield ind1=" " ind2=" " tag="653">
<subfield code="a">spectroelectrochemistry</subfield>
</datafield>
<datafield ind1=" " ind2=" " tag="653">
<subfield code="a">electrochemistry</subfield>
</datafield>
<datafield ind1=" " ind2=" " tag="653">
<subfield code="a">copper</subfield>
</datafield>
<datafield ind1=" " ind2=" " tag="653">
<subfield code="a">reaction mechanism</subfield>
</datafield>
<datafield tag="245" ind1="0" ind2="0">
<subfield code="a">Bidimensional spectroelectrochemistry: application of a new device in the study of a o-vanillin-copper(II) complex</subfield>
</datafield>
</record></metadata></record></GetRecord></OAI-PMH>